Представление документа в формате RUSMARC

ПолеНазваниеЗначение
  Тип записи a
  Библиографический уровень m
001 Контрольный номер RU/IS/BASE/336666715
005 Дата корректировки 20201206204735.7
010 Индекс ISBN __
a ISBN 978-5-9718-0328-7
d Цена 406-56
100 Данные общей обработки __
a Данные общей обработки 19090717d2009 |||y0rusy0189 ca
101 Язык документа 0_
a Язык текста rus
102 Страна публикации __
a Страна публикации RU
105 Кодированные данные (монография) __
a Кодированные данные (монография) y zzzz000zy
200 Заглавие и сведения об ответственности 1_
a Заглавие Олимпийские и годичные циклы тренировки
e Сведения, относящиеся к заглавию теория и практика
f Первые сведения об ответственности В. С. Рубин
b Общее обозначение материала Текст
210 Выходные данные __
a Место издания М.
c Издательство Совет. спорт
d Дата издания 2009
215 Физическое описание __
a Объем 185, [1] с.
c Иллюстрации/тип воспроизводства ил., табл.
320 Библиография __
a Библиография Лит.: с. 179-186
330 Аннотация __
a Аннотация Раскрыты теоретико-методические положения построения олимпийского цикла тренировки, приведены результаты ретро-спективного анализа подготовки спортсменов для пяти основных групп видов спорта. Дается обоснование наиболее рациональной последовательности постановки педагогических задач по годам олимпийского цикла с учетом специфики отдельных видов спорта, входящих в олимпийскую программу; систематизированы наиболее общие представления о структуре годичного цикла тренировки и дан сравнительный анализ различных вариантов подготовки. Предложена методология индивидуализации тренировочной деятельности на основе шкалы максимальных значений нагрузок.
606 Тематические рубрики __
a Основная рубрика Физическая культура и спорт
606 Тематические рубрики __
a Основная рубрика Теория и методика физического воспитания
610 Ключевые слова __
a Ключевые слова четырехлетний олимпийский цикл; спортивные тренировки; тренировки; скоростно-силовый виды спорта; виды спорта; циклические виды спорта; спортивные игры; единоборства; многоборья; олимпийская подготовка; спортсмены; квалификация спортсменов; соревнования; соревновательная практика; спортивные соревнования; олимпиады; теоряи спорта; практика спорта; тренировочная деятельность; спортивные нагрузки; тренировочный процесс; тренировочные нагрузки; высококвалифицированные спортсмены; индивидуальная тренировочная деятельность; тренировочная деятельность
686 Индексы других классификаций __
a Классификационный индекс 75.15
700 Автор _1
a Фамилия Рубин
b Имя В. С.
g Полное личное имя Владимир Соломонович
4 Код отношения 070
801 Источник записи _0
a Страна RU
b Организация Муниципальное бюджетное учреждение культуры "Централизованная библиотечная система" г. Сургут (Центральная городская библиотека им. А. С. Пушкина)
c Дата составления 20090717
g Правила каталогизации КиК/Поспелова
801 Источник записи _1
a Страна RU
b Организация Муниципальное бюджетное учреждение культуры "Централизованная библиотечная система" г. Сургут (Центральная городская библиотека им. А. С. Пушкина)
c Дата составления 20090717
g Правила каталогизации КиК/Поспелова
852 Данные о местонахождении __
j Шифр хранения 75.15
c Каталожный индекс 75.1
i Авторский знак Р 82
901 Тип документа __
t Тип документа m
903 Характеристики (МАРС) __
a Дата передачи 20100901
990 Данные о заказе (DOS) __
j Количество экземпляров (DOS) 1
h N записи в КСУ для Б/У (DOS) 201009